OPEP, Instrumento de cambio

সংরক্ষণ করুন:
গ্রন্থ-পঞ্জীর বিবরন
প্রধান লেখক: Seymour, Ian
বিন্যাস: পাঠ‍্য
প্রকাশিত: Bogotá: Tercer Mundo
ট্যাগগুলো: ট্যাগ যুক্ত করুন
কোনো ট্যাগ নেই, প্রথমজন হিসাবে ট্যাগ করুন!

MARC

LEADER 00000 a a2200000 04500
001 22918
003
040
090 |a 158300  
100 |a Seymour, Ian  
245 |a OPEP, Instrumento de cambio  
260 |a Bogotá:   |b Tercer Mundo  
300 |a 329 p.  
999 |c 1510  |d 1510